Candice - Paroles Fleurs Fanées - Statistiques

Statistiques générales
  • Ce quiz a été pris 61 fois
  • Le résultat moyen est 282 sur 332
Statistiques - réponses
Hint Réponse % Correct
à
100%
a
100%
Ah
100%
ah
100%
d'
100%
de
100%
il
100%
Bridge | Refrain Il
100%
m'
100%
n'
100%
Oh
100%
Oh,
100%
(Woah)
100%
fleurs
98%
l'
98%
la
98%
98%
ne
98%
Pas
98%
pas
98%
pas"
98%
t'
98%
ai
96%
c'
96%
C'
96%
"C'
96%
Couplet 1 J'
96%
j'
96%
je
96%
Je
96%
"je
96%
"Je
96%
ma
96%
s'
96%
un
96%
bouquet
93%
Dans
93%
dans
93%
en
93%
Et
93%
"Et
93%
fanées
93%
me
93%
offert
93%
qu'
93%
Qu'
93%
rien
93%
bien
91%
es
91%
pour
91%
poussière
91%
qui
91%
Qui
91%
tout
89%
Traînée
89%
rêvé
87%
serais
87%
ça
85%
Ça
85%
contentée
85%
le
85%
lui
85%
mes
85%
vie
85%
aime"
83%
chansons
83%
chercher
83%
écrit
83%
les
83%
plus
83%
quand
83%
Quand
83%
revienne
83%
ta
83%
tête
83%
toutes
83%
tu
83%
ce
80%
"Ce
80%
est
80%
Mais
80%
quitter,
80%
tourne
80%
Tous
80%
tous
80%
aurais
78%
long
78%
moi
78%
moi"
78%
moi,
78%
On
78%
pu
78%
temps,
78%
tes
78%
Pré-refrain Entends
76%
entends
76%
fait
76%
longtemps
76%
nous
76%
pense
76%
son
76%
suis
76%
va
76%
cris,
74%
écho
74%
mal
74%
même
74%
oublier
74%
Pendant
74%
silences,
74%
toi,
74%
attends
72%
fois,
72%
goût,
72%
goût
72%
manques
72%
oui,
72%
perd
72%
réveiller ?
72%
voix
72%
aimer ?
70%
attendre
70%
dors
70%
70%
égo
70%
ego
70%
avais
67%
devient
67%
dit :
67%
échos
67%
espérer
67%
essaye
67%
que
67%
ton
67%
choix"
65%
crois
65%
parti"
65%
cœur
63%
menti"
63%
oubliera
63%
veux
63%
Chaque
61%
combien
61%
entendre ?
61%
mon
61%
voudrait
59%
écouter
57%
ex-æquo
54%
flеurs
2%
riеn
2%
Aucun quiz correspondant
Distribution des résultats
% des personnes avec chaque résultat
Percentile par nombre de réponses
Votre historique - résultats
Vous n’avez pas pris ce quiz